Landen die het dichtst bij Benin liggen - Statistieken

Algemene statistieken
  • Deze quiz is 22 keer genomen
  • De gemiddelde score is 17 van 20
Antwoordstatistieken
km land % Correct
0 Togo
100%
326 Mali
95%
0 Niger
95%
1291 Centraal-Afrikaanse Republiek
89%
315 Côte d'Ivoire
89%
43 Ghana
89%
997 Liberia
89%
857 Mauritanië
89%
0 Nigeria
89%
0 Burkina Faso
84%
1261 Congo
84%
1114 Tsjaad
84%
733 Algerije
79%
720 Equatoriaal-Guinea
79%
969 Gabon
79%
947 Guinee
79%
668 Kameroen
79%
1340 Senegal
79%
1232 Sierra Leone
79%
735 Sao Tomé en Principe
74%
Geen overeenkomende quizzen gevonden
Scoreverdeling
Procent van Mensen met Elke Score
Percentiel versus Aantal Correcte Antwoorden
Uw Scoregeschiedenis
U heeft deze quiz nog niet genomen